| 000 | | | 06287cbm0a2200373#x 450 |
| 001 | | | bfc13fd8-9a16-43a1-9545-679c98c142a9 |
| 005 | | | 20251125144921.0 |
| 100 | ## | $a | 20251125j19450601k###0rusy50 ca |
| 101 | 0# | $a | rus |
| | $c | fre |
| 102 | ## | $a | RU |
| 105 | ## | $a | y###z######## |
| 122 | 0# | $a | d19450601## |
| 200 | 1# | $a | Личное послание председателя Временного правительства Французской Республики Ш. де Голля И. В. Сталину с просьбой передать в распоряжение французской авиации полк "Нормандия - Неман" |
| | $j | 1 июня 1945 г. |
| 251 | ## | $c | Документ |
| 300 | ## | $a | Перевод на русский язык, современный оригиналу |
| 461 | #0 | $1 | 2001 |
| | $a | Ф. 558 |
| | $1 | 251 |
| | $c | Фонд |
| | $1 | 852 |
| | $j | 558 |
| 462 | #0 | $1 | 2001 |
| | $a | Оп. 11 |
| | $1 | 251 |
| | $c | Опись |
| | $1 | 852 |
| | $j | 11 |
| 462 | #0 | $1 | 2001 |
| | $a | Д. 391 |
| | $v | Л. 102 |
| | $1 | 251 |
| | $c | Дело |
| | $1 | 852 |
| | $j | 391 |
| 600 | #1 | $2 | nlr_sh |
| | $3 | RU\NLR\AUTH\66296687 |
| | $a | Голль |
| | $g | Шарль де |
| | $b | Ш. де |
| | $f | 1890 - 1970 |
| | $j | Переписка |
| 605 | ## | $2 | prlib_sh |
| | $3 | LIBNET\UAF\0000088514 |
| | $a | Вторая мировая война в архивных документах (Комплекс оцифрованных архивных документов, кино- и фотоматериалов) |
| | $l | коллекция |
| 605 | ## | $2 | acquisition_Prlib |
| | $3 | DITM\AF\0000002775 |
| | $a | Власть |
| | $l | коллекция |
| 605 | ## | $2 | acquisition_Prlib |
| | $3 | DITM\AF\0000003834 |
| | $a | Народ |
| | $l | коллекция |
| 606 | 1# | $2 | nlr_sh |
| | $3 | RU\NLR\AUTH\661520861 |
| | $a | Великая Отечественная война |
| | $z | 1941 - 1945 |
| | $z | Третий период |
| | $z | 1944 – 1945 |
| | $j | Документы и материалы |
| 606 | 1# | $2 | nlr_sh |
| | $3 | RU\NLR\AUTH\66180389 |
| | $a | "Нормандия-Неман", авиаполк |
| | $j | Документы и материалы |
| 607 | ## | $2 | nlr_sh |
| | $3 | RU\NLR\AUTH\661469701 |
| | $a | СССР |
| | $x | Взаимоотношения |
| | $y | Франция |
| | $z | 1939 - 1945 |
| | $j | Документы и материалы |
| 607 | ## | $2 | nlr_sh |
| | $3 | RU\NLR\AUTH\661469702 |
| | $a | Франция |
| | $x | Взаимоотношения |
| | $y | СССР |
| | $z | 1939 - 1945 |
| | $j | Документы и материалы |
| 686 | ## | $a | 63.3(2)622,13ю1 |
| | $v | LBC/M |
| | $2 | rubbk |
| 686 | ## | $a | 63.3(4Фра)622-64(2)ю1 |
| | $v | LBC/M |
| | $2 | rubbk |
| 686 | ## | $a | 63.3(2)622-64(4Фра)ю1 |
| | $v | LBC/M |
| | $2 | rubbk |
| 801 | #0 | $a | RU |
| | $b | ПБ им. Б.Н. Ельцина |
| | $c | 20251125 |
| 801 | #1 | $a | RU |
| | $b | ПБ им. Б.Н. Ельцина |
| | $c | 20251125 |
| | $2 | rusmarc |
| 801 | #2 | $a | RU |
| | $b | ПБ им. Б.Н. Ельцина |
| | $c | 20251125 |
| | $2 | rusmarc |
| 850 | ## | $a | Российский государственный архив социально-политической истории |
| 852 | ## | $a | РГАСПИ |
| | $j | Л. 102 |
| 035 | ## | $a | LIBNET\0001514941 |
| 937 | ## | $d | 198506501 |
| | $h | Федеральное архивное агентство |
| 856 | 4# | $u | http://readingroom.main.prlib.ru/item.aspx?id_node=n198506501&mode=full |